[Event "Reykjavik Open 2016"]
[Site "Reykjavik ISL"]
[Date "2016.03.10"]
[Round "4.68"]
[White "Lochte, Szilvia"]
[Black "Schou-Moldt, Thomas"]
[Result "0-1"]
[WhiteElo "1859"]
[BlackElo "2186"]
[WhiteFideId "708410"]
[BlackFideId "1401297"]
[EventDate "2016.03.08"]

1. d4 Nf6 2. Nf3 g6 3. g3 Bg7 4. Bg2 O-O 5. O-O d6 6. c4 Nbd7 7. Nc3 e5 8. dxe5
Nxe5 9. Nxe5 dxe5 10. Bg5 Qxd1 11. Raxd1 h6 12. Bc1 c6 13. b3 Re8 14. Rd6 Be6
15. Rfd1 Bf8 16. R6d3 Bf5 17. e4 Be6 18. h3 Rac8 19. Bb2 Rc7 20. Rd8 Rxd8 21.
Rxd8 Rc8 22. Rxc8 Bxc8 23. Na4 Bd6 24. c5 Bc7 25. Bc3 Be6 26. Nb2 Nd7 27. Nd3 a5
28. h4 Kf8 29. Bf3 f5 30. Kf1 a4 31. exf5 gxf5 32. Bd1 Kf7 33. Bb4 axb3 34. Bxb3
Bxb3 35. axb3 Ke6 36. Nb2 h5 37. Ke2 Kd5 38. Nc4 f4 39. gxf4 exf4 40. Ba5 Bxa5
41. Nxa5 Nxc5 42. Kf3 b6 43. Nc4 b5 44. Na5 Ne6 45. b4 c5 46. bxc5 Kxc5 47. Ke4
Kb6 48. Nb3 Nc5+ 49. Nxc5 Kxc5 50. Kxf4 Kd4 0-1

[Event "Reykjavik Open 2016"]
[Site "Reykjavik ISL"]
[Date "2016.03.10"]
[Round "4.69"]
[White "Thorsteinsdottir, Gudlaug"]
[Black "Jonsson, Pall G"]
[Result "1-0"]
[WhiteTitle "WFM"]
[WhiteElo "2047"]
[BlackElo "1828"]
[WhiteFideId "2300753"]
[BlackFideId "2303205"]
[EventDate "2016.03.08"]

1. d4 b5 2. e4 Bb7 3. Bd3 Nf6 4. Qe2 b4 5. Bg5 g6 6. Bxf6 exf6 7. Nf3 Bg7 8. c4
bxc3 9. Nxc3 O-O 10. O-O Re8 11. Qc2 Nc6 12. a3 f5 13. d5 fxe4 14. Bxe4 Nd4 15.
Nxd4 Bxd4 16. Bf3 Qh4 17. Qa4 Red8 18. Rad1 Bf6 19. Qxh4 Bxh4 20. Nb5 Rdc8 21.
Rc1 Bd8 22. Rfd1 a6 23. Nd4 Bg5 24. Rc2 Bf4 25. Nb3 Re8 26. Nc5 Bc8 27. g3 Be5
28. h4 Kf8 29. d6 c6 30. b4 Ra7 31. h5 Rd8 32. Re2 Bf6 33. Ne4 Bg7 34. g4 f6 35.
Nc5 f5 36. gxf5 gxf5 37. Re7 h6 38. Bxc6 Bf6 39. Ne6+ 1-0

[Event "Reykjavik Open 2016"]
[Site "Reykjavik ISL"]
[Date "2016.03.10"]
[Round "4.70"]
[White "Sigurdsson, Birkir Karl"]
[Black "Freuler, Roman"]
[Result "1/2-1/2"]
[WhiteElo "1857"]
[BlackElo "2047"]
[WhiteFideId "2304180"]
[BlackFideId "1304283"]
[EventDate "2016.03.08"]

1. d4 Nf6 2. c4 c5 3. d5 b5 4. cxb5 a6 5. bxa6 Bxa6 6. Nc3 g6 7. e4 Bxf1 8. Kxf1
d6 9. Nf3 Nbd7 10. g3 Bg7 11. Kg2 O-O 12. a4 Qa5 13. Bd2 Qa6 14. Nb5 Qb7 15. Qc2
Rfb8 16. Bc3 Ne8 17. Bxg7 Kxg7 18. h4 h5 19. Rhe1 Nc7 20. Qc3+ Kg8 21. Nxc7 Qxc7
22. e5 Nxe5 23. Nxe5 dxe5 24. Rxe5 Ra7 25. Rae1 Qd6 26. b3 f6 27. R5e3 Qxd5+ 28.
Kg1 Kf8 29. Rxe7 Rxe7 30. Qxf6+ Qf7 31. Qh8+ Qg8 32. Qxg8+ Kxg8 33. Rxe7 Rxb3
34. Rc7 Ra3 35. Rxc5 Rxa4 36. Kg2 Ra3 37. Rg5 Kf7 38. g4 hxg4 39. Rxg4 Rb3 40.
Ra4 Rc3 41. f3 Rc6 42. Kg3 Rb6 43. Kg4 Kf6 44. Ra5 Rb4+ 45. f4 Rb6 46. h5 gxh5+
47. Rxh5 Kg6 48. f5+ Kf7 49. Rh7+ Kf8 50. Kg5 Ra6 51. Rb7 Rc6 52. f6 Rc1 53. Rb4
Rg1+ 54. Rg4 Rxg4+ 55. Kxg4 Kf7 56. Kg5 Kf8 57. Kf5 Kf7 58. Ke5 Kf8 59. Ke6 Ke8
60. f7+ Kf8 1/2-1/2

[Event "Reykjavik Open 2016"]
[Site "Reykjavik ISL"]
[Date "2016.03.10"]
[Round "4.71"]
[White "Mages, Steffen"]
[Black "Petersons, Ojars"]
[Result "1-0"]
[WhiteElo "2037"]
[BlackElo "1791"]
[WhiteFideId "24662208"]
[BlackFideId "11607769"]
[EventDate "2016.03.08"]

1. d4 f5 2. c4 Nf6 3. Nc3 e6 4. Bg5 Be7 5. e3 c6 6. Bd3 d5 7. Nge2 Ne4 8. Bxe7
Qxe7 9. O-O O-O 10. f3 Nxc3 11. Nxc3 Qg5 12. f4 Qh4 13. Rf3 Qe7 14. Rh3 Nd7 15.
g4 Nf6 16. g5 Ne4 17. Qe2 g6 18. Kg2 Nxc3 19. bxc3 b6 20. Rh6 Rf7 21. h4 Rg7 22.
h5 Kf7 23. cxd5 exd5 24. Kf2 Be6 25. a4 Re8 26. Rh1 Reg8 27. Qb2 Re8 28. hxg6+
hxg6 29. R1h3 Reg8 30. Be2 Ke8 31. Bf3 Kf7 32. Qe2 Qc7 33. Qa2 Qe7 34. Be2 Qd6
35. Rh1 Qe7 36. Rc1 Re8 37. Rh3 Kf8 38. c4 Rh7 39. Rxh7 Qxh7 40. Qa3+ Kf7 41.
Ke1 Qh1+ 42. Kd2 Qe4 43. Qd6 dxc4 44. Rxc4 Qd5 45. Qxc6 Qa5+ 46. Kc2 Qe1 47. Bd3
Qf2+ 48. Kc3 Qxe3 49. d5 Qe1+ 50. Kc2 Qf2+ 51. Kb3 Qe3 52. dxe6+ Rxe6 53. Qd7+
Re7 54. Qd5+ Kf8 55. Rc8+ Re8 56. Qd6+ 1-0

[Event "Reykjavik Open 2016"]
[Site "Reykjavik ISL"]
[Date "2016.03.10"]
[Round "4.72"]
[White "Kakulidis, Ellen"]
[Black "Harringer, Manfred"]
[Result "1-0"]
[WhiteElo "1843"]
[BlackElo "2016"]
[WhiteFideId "1444972"]
[BlackFideId "12958336"]
[EventDate "2016.03.08"]

1. d4 Nf6 2. c4 e6 3. Nf3 b6 4. g3 Bb7 5. Bg2 c5 6. d5 exd5 7. Nh4 Qc8 8. cxd5
g6 9. Bf4 d6 10. Nc3 Be7 11. O-O O-O 12. e4 Nh5 13. Bh6 Ng7 14. Nf3 Nd7 15. Re1
Bf6 16. Bg5 Qd8 17. Bxf6 Qxf6 18. Qc2 Rfe8 19. Rad1 g5 20. h3 h5 21. Qd2 g4 22.
Nh4 Ne5 23. Qf4 Qd8 24. Kh2 Bc8 25. f3 gxf3 26. Nxf3 Nxf3+ 27. Bxf3 Re5 28. g4
h4 29. Be2 Qg5 30. Rf1 Qxf4+ 31. Rxf4 a6 32. Rdf1 Re7 33. g5 b5 34. Bd3 c4 35.
Bb1 Bd7 36. Rxh4 Rc8 37. Rf6 Ne8 38. Rfh6 Re5 39. Rh8+ Kg7 40. R4h7+ Kg6 41. h4 1-0

[Event "Reykjavik Open 2016"]
[Site "Reykjavik ISL"]
[Date "2016.03.10"]
[Round "4.73"]
[White "Carlsen, Henrik"]
[Black "De Winter, Eric"]
[Result "1-0"]
[WhiteElo "2011"]
[BlackElo "1808"]
[WhiteFideId "1502832"]
[BlackFideId "1033069"]
[EventDate "2016.03.08"]

1. e4 g6 2. f4 d6 3. Nf3 Bg7 4. Bc4 c5 5. c3 Nc6 6. O-O Nf6 7. e5 Nh5 8. g4 d5
9. f5 dxc4 10. d4 cxd3 11. gxh5 Bxf5 12. Qe1 Qd5 13. Bf4 h6 14. hxg6 fxg6 15.
Nbd2 e6 16. Qe3 O-O-O 17. c4 Qd7 18. Qxc5 Bf8 19. Qf2 Nd4 20. Be3 Nc2 21. Bxa7
Nxa1 22. Rxa1 Bb4 23. a3 Bxd2 24. Nxd2 Bh3 25. Qe3 Bf5 26. b4 g5 27. b5 g4 28.
Bb6 Rdg8 29. Qc5+ Kb8 30. Qb4 g3 31. h3 Rd8 32. Qa5 Qd4+ 33. Bxd4 Rxd4 34. b6
Rdd8 35. Qa7+ Kc8 36. Qa8+ Kd7 37. Qxb7+ Ke8 38. Qc6+ Ke7 39. b7 Rhe8 40. Rb1
Rb8 41. Qd6+ Kf7 42. c5 1-0

[Event "Reykjavik Open 2016"]
[Site "Reykjavik ISL"]
[Date "2016.03.10"]
[Round "4.74"]
[White "Rowan, Daniel"]
[Black "Danielsson, Robert"]
[Result "1/2-1/2"]
[WhiteElo "1801"]
[BlackElo "2011"]
[WhiteFideId "431737"]
[BlackFideId "1711490"]
[EventDate "2016.03.08"]

1. d4 Nf6 2. c4 g6 3. Nc3 d5 4. cxd5 Nxd5 5. Bd2 Bg7 6. e4 Nxc3 7. Bxc3 O-O 8.
Qd2 Nd7 9. Nf3 c6 10. Bd3 Qc7 11. O-O Nf6 12. Rac1 b6 13. d5 c5 14. b4 Nd7 15.
Bxg7 Kxg7 16. Bb5 Rd8 17. Bxd7 Bxd7 18. bxc5 bxc5 19. Qc3+ Kg8 20. Qxc5 Qxc5 21.
Rxc5 Rac8 22. Rfc1 Rxc5 23. Rxc5 Rb8 24. h3 Rb7 25. Kh2 f6 26. Kg3 Kf7 27. a3 e6
28. dxe6+ Kxe6 29. Nd4+ Kd6 30. Rd5+ Ke7 31. Kf4 Rc7 32. f3 Rc4 33. Ne2 Ra4 34.
Rd3 Be6 35. Nc3 Rc4 36. Nd5+ Bxd5 37. Rxd5 Ra4 38. Rd3 Ke6 39. Ke3 g5 40. Rc3
Ra6 41. g3 f5 42. exf5+ 1/2-1/2

[Event "Reykjavik Open 2016"]
[Site "Reykjavik ISL"]
[Date "2016.03.10"]
[Round "4.75"]
[White "Arnalds, Stefan"]
[Black "Haraldsson, Oskar"]
[Result "1-0"]
[WhiteElo "2007"]
[BlackElo "1765"]
[WhiteFideId "2304821"]
[BlackFideId "2301865"]
[EventDate "2016.03.08"]

1. d4 Nf6 2. c4 g6 3. Nc3 Bg7 4. e4 d6 5. f3 O-O 6. Be3 Nc6 7. Qd2 a6 8. Nge2
Rb8 9. g4 b5 10. cxb5 axb5 11. Ng3 b4 12. Nce2 Bxg4 13. fxg4 Nxg4 14. Bg1 d5 15.
e5 Ncxe5 16. dxe5 Nxe5 17. Bg2 Nc4 18. Qxd5 Nxb2 19. Rb1 Qxd5 20. Bxd5 Rfd8 21.
Bb3 c5 22. Rxb2 Bxb2 23. Bxc5 e6 24. O-O Rd2 25. Rf4 Bc3 26. Kf2 g5 27. Rc4 f5
28. Nxf5 Kf7 29. Nd6+ Kg6 30. Ne4 Rd7 31. N2xc3 Rf7+ 32. Ke2 bxc3 33. Rxc3 Rf4
34. Ng3 Re8 35. Be3 Rf6 36. Bc2+ Kf7 37. Rc7+ Kf8 38. Bxg5 Rf7 39. Rxf7+ Kxf7
40. Bb3 h6 41. Be3 h5 42. Ne4 Rg8 43. Ng5+ Kf6 44. Bxe6 1-0

[Event "Reykjavik Open 2016"]
[Site "Reykjavik ISL"]
[Date "2016.03.10"]
[Round "4.76"]
[White "Mehringer, Joerg"]
[Black "Skulason, Johann"]
[Result "1-0"]
[WhiteTitle "AIM"]
[WhiteElo "2000"]
[BlackElo "1747"]
[WhiteFideId "12915351"]
[BlackFideId "1733915"]
[EventDate "2016.03.08"]

1. e4 c5 2. g3 Nc6 3. Bg2 g6 4. Ne2 Bg7 5. O-O e6 6. c3 Nge7 7. d4 cxd4 8. cxd4
d5 9. e5 O-O 10. Nbc3 b6 11. g4 Ba6 12. Be3 Rc8 13. Qd2 Na5 14. b3 Qd7 15. Rfc1
Bxe2 16. Qxe2 Nec6 17. Qd2 f5 18. g5 Qf7 19. f4 h5 20. Bf1 Rfd8 21. Ba6 Rb8 22.
Qb2 Nb4 23. Be2 Qb7 24. a3 Na6 25. Nb5 Bf8 26. Rc2 Rbc8 27. Rac1 Nb8 28. Rc7
Rxc7 29. Rxc7 Qa8 30. Rxa7 Qc6 31. Rc7 Qe8 32. Na7 Nac6 33. Bb5 1-0

[Event "Reykjavik Open 2016"]
[Site "Reykjavik ISL"]
[Date "2016.03.10"]
[Round "4.77"]
[White "Davidsdottir, Nansy"]
[Black "Jonsson, Gauti Pall"]
[Result "1/2-1/2"]
[WhiteElo "1778"]
[BlackElo "1996"]
[WhiteFideId "2309491"]
[BlackFideId "2309092"]
[EventDate "2016.03.08"]

1. e4 c5 2. Nf3 e6 3. d4 cxd4 4. Nxd4 a6 5. Be2 b5 6. Bf3 Bb7 7. O-O Qc7 8. c3
d6 9. Be3 Nf6 10. Nd2 Nbd7 11. g3 Be7 12. Bg2 d5 13. Qc2 O-O 14. Kh1 Rac8 15. f4
Nxe4 16. Nxe4 dxe4 17. Bxe4 Nf6 18. Bg2 Nd5 19. Bg1 b4 20. Qe4 bxc3 21. bxc3 Qd7
22. Rac1 Rc7 23. Qe1 Rfc8 24. Ne2 Rc4 25. Bd4 Bc5 26. Qd2 Qa4 27. Be4 Qd7 28.
Bg2 Bxd4 29. cxd4 g6 30. Rfd1 Qa4 31. Be4 R8c7 32. Rxc4 Rxc4 33. Rc1 Qb5 34. Rb1
Qc6 35. Rc1 Qa4 36. Kg1 Qc6 37. Rxc4 Qxc4 38. Qc2 Qb4 39. Kf2 a5 40. Qd3 a4 41.
a3 Qb6 42. Qc4 Bc6 43. Bd3 Nf6 44. h3 Qb7 45. Qa6 Qd7 46. Qc4 Bd5 47. Qb5 Bc6
48. Qc4 Ne8 49. Qc5 Qb7 50. h4 Nf6 51. Ke1 Be4 52. Qb5 Qa8 53. Qa6 Qxa6 1/2-1/2

[Event "Reykjavik Open 2016"]
[Site "Reykjavik ISL"]
[Date "2016.03.10"]
[Round "4.78"]
[White "Haraldsson, Haraldur"]
[Black "Gardarsson, Hordur"]
[Result "1-0"]
[WhiteElo "1988"]
[BlackElo "1731"]
[WhiteFideId "2311100"]
[BlackFideId "2303604"]
[EventDate "2016.03.08"]

1. Nf3 d5 2. d4 Nf6 3. Bf4 e6 4. e3 c6 5. Bd3 Nbd7 6. Nbd2 Be7 7. h3 b6 8. O-O
O-O 9. c4 Bb7 10. Rc1 Rc8 11. Qa4 a6 12. cxd5 Nxd5 13. Bg3 b5 14. Qd1 c5 15. e4
Nb4 16. Bb1 cxd4 17. Rxc8 Qxc8 18. Nxd4 Bc5 19. N4b3 Bb6 20. Qh5 Rd8 21. e5 Nf8
22. Kh2 Nd3 23. Nf3 Ng6 24. Nbd2 Qc6 25. Rg1 Nxf2 26. Bh4 Nd3 27. Bxd8 Bxg1+ 28.
Kxg1 Qc1+ 29. Kh2 Ndf4 30. Qg4 h5 31. Qg5 Bxf3 32. Bxg6 Nxg6 33. Nxf3 Qxb2 34.
Qxh5 Qxa2 35. Qg5 Qf2 36. h4 Qc2 37. h5 Nf8 38. Ba5 Qf5 39. Qxf5 exf5 40. Nd4
Nd7 41. Nc6 Nc5 42. Kg3 Nb3 43. Bb6 Kf8 44. Kf4 Ke8 45. Kxf5 Kd7 46. Na5 Nd2 47.
Be3 Nf1 48. Bf4 Ke7 49. Nc6+ 1-0

[Event "Reykjavik Open 2016"]
[Site "Reykjavik ISL"]
[Date "2016.03.10"]
[Round "4.79"]
[White "Danielsson, Sigurdur"]
[Black "Korning, Peter"]
[Result "0-1"]
[WhiteElo "1763"]
[BlackElo "1987"]
[WhiteFideId "2301792"]
[BlackFideId "1723332"]
[EventDate "2016.03.08"]

1. e4 e5 2. d4 exd4 3. c3 d5 4. e5 dxc3 5. Nxc3 c6 6. Bf4 Bb4 7. Qb3 Qb6 8. Bd2
Be6 9. a3 Bc5 10. Qxb6 Bxb6 11. Bd3 Nd7 12. f4 f5 13. Nf3 Ne7 14. Ng5 Nc5 15.
Ke2 h6 16. Nxe6 Nxe6 17. Na4 Nd4+ 18. Kf2 Nb3+ 19. Nxb6 axb6 20. Rad1 Nxd2 21.
Rxd2 Kf7 22. Bc2 Ke6 23. h3 Rhf8 24. Rg1 g5 25. g3 gxf4 26. gxf4 Rg8 27. Rdd1
Rxg1 28. Rxg1 Rg8 29. Rd1 h5 30. Rd3 h4 31. Rb3 b5 32. Rc3 Ng6 33. Kf3 Nf8 34.
Kf2 Nd7 35. Re3 Nb6 36. a4 bxa4 37. Ra3 Ra8 38. Ra1 Rg8 39. Ra3 Ra8 40. Ra1 Rg8
41. Ra3 Nd7 42. Rxa4 Nc5 43. Ra3 Ne4+ 44. Bxe4 fxe4 45. Ra7 Rb8 46. Ra1 Kf5 47.
Rg1 Kxf4 48. Rg4+ Kxe5 49. Rxh4 Rf8+ 50. Ke2 d4 51. Rh5+ Rf5 52. Rh7 d3+ 53. Ke3
Rf3+ 54. Kd2 Rf2+ 55. Kc3 Rc2+ 56. Kb3 b5 57. h4 c5 58. h5 c4+ 59. Kb4 Rxb2+ 60.
Kc5 c3 61. Rc7 c2 62. Kb6 d2 63. h6 c1=Q 64. h7 Qg1+ 65. Kb7 Qh1 0-1

[Event "Reykjavik Open 2016"]
[Site "Reykjavik ISL"]
[Date "2016.03.10"]
[Round "4.80"]
[White "Hansen, Lars-Henrik Bech"]
[Black "Ontiveros, John"]
[Result "1-0"]
[WhiteElo "1970"]
[BlackElo "1729"]
[WhiteFideId "1402021"]
[BlackFideId "2303981"]
[EventDate "2016.03.08"]

1. e4 e5 2. Nf3 Nc6 3. d4 exd4 4. Bc4 Be7 5. c3 d3 6. O-O d6 7. Bxd3 Bg4 8. Nbd2
Ne5 9. Be2 Nf6 10. Nxe5 Bxe2 11. Nxf7 Bxd1 12. Nxd8 Bc2 13. Nxb7 Nxe4 14. Nxe4
Bxe4 15. Na5 Kd7 16. Nb3 h5 17. Be3 g5 18. Rad1 Kc8 19. Rd2 g4 20. Re1 Rh7 21.
Nc1 Bc6 22. Ne2 Kb7 23. Rd4 Rg8 24. Rb4+ Kc8 25. Bxa7 Bb7 26. Ng3 h4 27. Nf5 Bd8
28. Rc4 Kd7 29. Ne3 g3 30. fxg3 h3 31. gxh3 Rxh3 32. Rg4 Rgh8 33. Bd4 R8h7 34.
Nf1 c5 35. Be3 Ba6 36. c4 d5 37. cxd5 Bxf1 38. Rxf1 Rxh2 39. Rg7+ Kd6 40. Bf4+
Kxd5 41. Rxh7 Rxh7 42. Rd1+ 1-0

[Event "Reykjavik Open 2016"]
[Site "Reykjavik ISL"]
[Date "2016.03.10"]
[Round "4.81"]
[White "Weyer, Hans-Juergen"]
[Black "Davidsson, Oskar Vikingur"]
[Result "1-0"]
[WhiteElo "1967"]
[BlackElo "1628"]
[WhiteFideId "4651758"]
[BlackFideId "2310627"]
[EventDate "2016.03.08"]

1. e4 c5 2. Nf3 e6 3. d4 cxd4 4. Nxd4 a6 5. g3 b5 6. Bg2 Bb7 7. O-O d6 8. Nc3
Be7 9. Re1 Qc7 10. a4 b4 11. Na2 Nf6 12. Nxb4 d5 13. Na2 dxe4 14. Nc3 Bb4 15.
Bd2 Bxc3 16. Bxc3 O-O 17. Qe2 Nbd7 18. Rac1 Nb6 19. Ba5 Qd6 20. Bxb6 Qxb6 21. c3
Rfd8 22. b4 Rac8 23. a5 Qc7 24. Nb3 Rd6 25. Nc5 Rcd8 26. Nxb7 Qxb7 27. Bxe4 Nxe4
28. Qxe4 Qxe4 29. Rxe4 Rc6 30. Kf1 Kf8 31. Ke1 Ke7 32. Re3 Rdc8 33. Rd3 e5 34.
Kd2 f5 35. Kc2 g5 36. Kb3 Ke6 37. c4 e4 38. Rd4 h5 39. c5 Ke5 40. Kc4 h4 41.
Rcd1 hxg3 42. hxg3 Ke6 43. Rh1 R8c7 44. Rd5 1-0

[Event "Reykjavik Open 2016"]
[Site "Reykjavik ISL"]
[Date "2016.03.10"]
[Round "4.82"]
[White "Magnusdottir, Veronika Steinunn"]
[Black "Yin, Stanley"]
[Result "1/2-1/2"]
[WhiteElo "1741"]
[BlackElo "1961"]
[WhiteFideId "2309114"]
[BlackFideId "24622729"]
[EventDate "2016.03.08"]

1. e4 c6 2. d4 Na6 3. Nf3 d6 4. Bc4 Nf6 5. Qe2 Nc7 6. c3 Bg4 7. Nbd2 d5 8. exd5
Ncxd5 9. Nf1 Qd6 10. h3 Bxf3 11. Qxf3 g6 12. Ne3 Bg7 13. O-O O-O 14. Bb3 a5 15.
Nc4 Qc7 16. Ne5 a4 17. Bxd5 Nxd5 18. Re1 b5 19. Bd2 f6 20. Nd3 e5 21. dxe5 fxe5
22. Qe4 Qf7 23. Rf1 Qf5 24. Nc5 Rae8 25. c4 Qxe4 26. Nxe4 bxc4 27. Nd6 Rb8 28.
Nxc4 Nf4 29. Rab1 Ne2+ 30. Kh1 Nd4 31. Bc3 c5 32. Rbe1 Rf5 33. Ne3 Rf7 34. Nc4
Rf5 1/2-1/2

[Event "Reykjavik Open 2016"]
[Site "Reykjavik ISL"]
[Date "2016.03.10"]
[Round "4.83"]
[White "Gunnarsson, Helgi Petur"]
[Black "Edvardsen, Ragnar"]
[Result "1/2-1/2"]
[WhiteElo "1737"]
[BlackElo "1954"]
[WhiteFideId "2302519"]
[BlackFideId "1502719"]
[EventDate "2016.03.08"]

1. e4 e5 2. Nf3 Nc6 3. d4 exd4 4. Nxd4 Bc5 5. Nxc6 bxc6 6. Bc4 Nf6 7. e5 Qe7 8.
O-O Qxe5 9. Re1 Ne4 10. Bxf7+ Kxf7 11. Qf3+ Qf6 12. Rxe4 Qxf3 13. gxf3 Re8 14.
Rxe8 Kxe8 15. Be3 Be7 16. Bd4 Kf7 17. Nd2 c5 18. Bc3 d5 19. Be5 Bf5 20. c4 c6
21. Re1 g5 22. Kg2 Re8 23. Re3 d4 24. Ra3 Ke6 25. f4 Ra8 26. Ra6 Kd7 27. Kf3 g4+
28. Kg3 h5 29. f3 Bd6 30. Bxd6 Kxd6 31. Ne4+ Bxe4 32. fxe4 Rb8 33. e5+ Ke6 34.
Rxc6+ Kf5 35. e6 Rxb2 36. e7 Re2 37. Rxc5+ Kf6 38. Rxh5 d3 39. Rd5 Re3+ 40. Kxg4
Kxe7 41. h4 Re2 42. Rxd3 Rxa2 43. c5 Rc2 44. Ra3 Rxc5 45. Rxa7+ Kf6 46. Ra6+ Kg7
47. f5 Rc1 48. Rg6+ Kf7 49. h5 Rg1+ 50. Kf4 Rh1 51. Kg5 Rg1+ 52. Kh6 Rf1 53. Kg5
Rg1+ 54. Kf4 Rf1+ 55. Ke5 Re1+ 56. Kd5 Rd1+ 57. Kc5 Rf1 58. h6 Rxf5+ 1/2-1/2

[Event "Reykjavik Open 2016"]
[Site "Reykjavik ISL"]
[Date "2016.03.10"]
[Round "4.84"]
[White "Andersen, Niels Erik"]
[Black "Kravchuk, Mykhaylo"]
[Result "1-0"]
[WhiteElo "1947"]
[BlackElo "1596"]
[WhiteFideId "1406507"]
[BlackFideId "2310007"]
[EventDate "2016.03.08"]

1. d4 d5 2. c4 e6 3. Nf3 Be7 4. g3 Nf6 5. Bg2 O-O 6. O-O h6 7. Nc3 Nc6 8. b3 Bb4
9. Bb2 Ne7 10. Rc1 Ng6 11. Qc2 c6 12. Rfd1 Re8 13. Ne5 Nxe5 14. dxe5 Nd7 15.
cxd5 cxd5 16. Nb5 Ba5 17. Nd6 Rf8 18. e4 dxe4 19. Bxe4 Qe7 20. Ba3 Nb6 21. Nb5
Qg5 22. Bxf8 Kxf8 23. b4 Bd7 24. bxa5 Bxb5 25. Qc5+ Kg8 26. Qxb5 Nd5 27. Bxd5
exd5 28. Qxd5 1-0

[Event "Reykjavik Open 2016"]
[Site "Reykjavik ISL"]
[Date "2016.03.10"]
[Round "4.85"]
[White "Tan, Teck Woon"]
[Black "Bjorgvinsson, Andri Freyr"]
[Result "0-1"]
[WhiteElo "1488"]
[BlackElo "1937"]
[WhiteFideId "5813522"]
[BlackFideId "2306913"]
[EventDate "2016.03.08"]

1. d4 Nf6 2. Bf4 e6 3. Nf3 c5 4. e3 Qb6 5. Nc3 cxd4 6. exd4 Be7 7. Rb1 O-O 8.
Bd3 d6 9. O-O Nc6 10. Re1 a6 11. a3 Qc7 12. Bg5 b5 13. Ne4 Nd5 14. c3 h6 15.
Bxe7 Ncxe7 16. Qd2 Ng6 17. g3 f5 18. Nxd6 Qxd6 19. Ne5 Nxe5 20. Rxe5 Bd7 21. f4
Rfc8 22. Qg2 Nf6 23. Rbe1 Re8 24. Qe2 Rac8 25. Bb1 Ng4 26. Rc5 Rxc5 27. dxc5
Qxc5+ 28. Kf1 Qd5 29. Qg2 Qxg2+ 30. Kxg2 Bc6+ 31. Kg1 Nf6 32. Ba2 Bd5 33. Bb1
Ne4 34. Bxe4 Bxe4 35. Rd1 Bd5 36. Kf2 Kf7 37. Ke3 Ke7 38. Kd4 Rc8 39. Ke3 Rd8
40. Rc1 Bc4 41. Rc2 a5 42. Kf2 a4 43. Ke3 Kf6 44. Kf2 g5 45. fxg5+ hxg5 46. Ke3
e5 47. Kf2 f4 48. gxf4 gxf4 49. Kf3 Kf5 50. h4 Rh8 0-1

[Event "Reykjavik Open 2016"]
[Site "Reykjavik ISL"]
[Date "2016.03.10"]
[Round "4.86"]
[White "Birkisson, Bjorn Holm"]
[Black "O'Gorman, Alice"]
[Result "0-1"]
[WhiteElo "1929"]
[BlackElo "1620"]
[WhiteFideId "2310600"]
[BlackFideId "2508214"]
[EventDate "2016.03.08"]

1. d4 d5 2. c4 e6 3. Nc3 Nf6 4. cxd5 exd5 5. Bg5 Be7 6. e3 c6 7. Bd3 Nbd7 8. Qc2
b6 9. Nge2 Bb7 10. O-O O-O 11. f3 h6 12. Bh4 Rc8 13. Rae1 Re8 14. Kh1 c5 15. Qb1
a6 16. Bf2 b5 17. a3 Bd6 18. Ng3 Bc7 19. Nce2 Bc6 20. b4 c4 21. Bc2 Nf8 22. Nc3
Ne6 23. Rd1 Nf8 24. Rfe1 Ra8 25. e4 dxe4 26. fxe4 Ng4 27. Kg1 Qh4 28. h3 Nxf2
29. Nf5 Nxh3+ 30. gxh3 Qxh3 31. Re3 Qh2+ 32. Kf1 g6 33. d5 Bd7 34. d6 Bb6 35.
Nd5 Bxe3 36. Nfxe3 Bh3+ 37. Ke1 Red8 38. Nf6+ Kg7 39. Qb2 Qg3+ 40. Ke2 Qh2+ 41.
Kf3 c3 42. Qxc3 Bg2+ 43. Ke2 Bxe4+ 44. Ng2 Qxg2+ 45. Ke1 Qg1+ 46. Ke2 Qh2+ 47.
Ke1 Qh4+ 48. Ke2 Qxf6 0-1

[Event "Reykjavik Open 2016"]
[Site "Reykjavik ISL"]
[Date "2016.03.10"]
[Round "4.87"]
[White "Knoepfle, Andreas"]
[Black "Hjaltalin, Thor"]
[Result "0-1"]
[WhiteElo "1905"]
[BlackElo "1580"]
[WhiteFideId "1270685"]
[BlackFideId "2310813"]
[EventDate "2016.03.08"]

1. d4 d5 2. Nf3 c6 3. c4 Nf6 4. cxd5 cxd5 5. Nc3 Nc6 6. Bf4 a6 7. e3 e6 8. Bd3
Bd6 9. Bxd6 Qxd6 10. Rc1 O-O 11. O-O b5 12. Nd2 Bb7 13. Nb3 Nd7 14. Qh5 g6 15.
Qg5 Qe7 16. Qg3 Rac8 17. Ne2 e5 18. dxe5 Ncxe5 19. Bb1 Nc4 20. Rc2 Nf6 21. Nd2
Ne4 22. Nxe4 dxe4 23. Rfc1 Rfd8 24. Nd4 Nxb2 25. Qg4 Rxc2 26. Rxc2 Nd3 27. Rd2
Rc8 28. Bxd3 exd3 29. Qd1 Qa3 30. Qb3 Rc1+ 0-1

[Event "Reykjavik Open 2016"]
[Site "Reykjavik ISL"]
[Date "2016.03.10"]
[Round "4.88"]
[White "Karlsson, Isak Orri"]
[Black "Jonsson, Olafur Gisli"]
[Result "0-1"]
[WhiteElo "1139"]
[BlackElo "1904"]
[WhiteFideId "2312530"]
[BlackFideId "2302705"]
[EventDate "2016.03.08"]

1. e4 d6 2. f4 Nf6 3. Nc3 c6 4. Nf3 Qa5 5. d4 Nxe4 6. Qd3 Nxc3 7. Bd2 Bf5 8. Qc4
Qd5 9. Qxc3 Qe4+ 10. Kd1 Bg4 11. Be2 Nd7 12. h3 Bxf3 13. Bxf3 Qg6 14. d5 c5 15.
g4 Qf6 16. Qb3 O-O-O 17. Ba5 Qd4+ 18. Ke2 b6 19. Bd2 Kb8 20. Be3 Qb4 21. Qxb4
cxb4 22. a4 Rc8 23. Kd2 a5 24. g5 Rc7 25. Bg4 Nc5 26. Bf5 g6 27. Bd4 Rg8 28. Bd3
Bg7 29. Bxg7 Rxg7 30. Rhe1 Rg8 31. Bb5 e6 32. dxe6 fxe6 33. Rad1 Rf8 34. Ke3 d5
35. Kf3 Rcf7 36. Rd4 Ne4 37. Ke2 Rxf4 38. Kd3 Rf3+ 39. Re3 Nc5+ 40. Kd2 Rf2+ 41.
Re2 Ne4+ 42. Kd1 R8f4 43. Bd3 Rxe2 44. Kxe2 Ng3+ 45. Ke3 Rxd4 46. Kxd4 Kc7 47.
Ke5 Kd7 48. c4 bxc3 49. bxc3 Ke7 50. c4 Ne4 51. h4 Nc5 52. Be2 Nd7+ 53. Kd4 dxc4
54. Bxc4 Kd6 55. Ke3 Ke5 56. Ba6 Nc5 57. Bb5 Nb3 58. Bc4 Nd4 59. Kd3 Nf3 60. Ke3
Nxh4 61. Bb5 Nf5+ 62. Kf3 Nd4+ 0-1

[Event "Reykjavik Open 2016"]
[Site "Reykjavik ISL"]
[Date "2016.03.10"]
[Round "4.90"]
[White "Hielscher, Ursula"]
[Black "Mai, Alexander Oliver"]
[Result "1/2-1/2"]
[WhiteElo "1875"]
[BlackElo "1558"]
[WhiteFideId "4658965"]
[BlackFideId "2313391"]
[EventDate "2016.03.08"]

1. d4 d5 2. Nf3 Nf6 3. c4 c6 4. e3 e6 5. Nc3 Nbd7 6. Bd3 dxc4 7. Bxc4 b5 8. Bd3
Bb7 9. O-O a6 10. Bd2 c5 11. Rc1 c4 12. Bb1 Be7 13. a4 Nd5 14. Ne2 O-O 15. b3
Ba3 16. bxc4 Bxc1 17. Qxc1 Rc8 18. axb5 axb5 19. c5 Re8 20. Qc2 N5f6 21. Qb2 Ne4
22. Qxb5 Nxd2 23. Nxd2 Nxc5 24. dxc5 Qxd2 25. Nd4 Ba8 26. Qa4 Qc3 27. c6 Bxc6
28. Nxc6 Qxc6 29. Qh4 h6 30. h3 Qc4 31. Qg3 Red8 32. Qf3 Qb3 33. Be4 Rc7 1/2-1/2